| 000 | 00725nam a22002057a 4500 | ||
|---|---|---|---|
| 999 |
_c6434 _d6434 |
||
| 003 | AR-CdUCM | ||
| 008 | 190315b ||||| |||| 00| 0 eng d | ||
| 040 |
_aMUNICIPALIDAD PROVINCIAL DEL CUSCO _cBIBLIOTECA MUNICIPAL DEL CUSCO |
||
| 082 |
_a403 / _bD71 |
||
| 110 |
_aEditorial Ramón Sopena, S.A. _918261 |
||
| 245 | _aDiccionario Enciclopédico Ilustrado de la Lengua Española / | ||
| 260 |
_aBarcelona : _bRamón Sopena, _c1965. |
||
| 300 |
_bIlustraciones, _c22 cm. _a4 tomos ; |
||
| 505 | _aContenido : t.1. A-C, t. 2. D-L, t.3. M-R, t.4 :S-Z | ||
| 650 |
_aDiccionario literario _918262 |
||
| 650 |
_aEnciclopedia Ilustrada _918263 |
||
| 650 |
_aDiccionario Español _918264 |
||
| 942 |
_2ddc _cLIBROS |
||
| 945 | _admma | ||